| 000 -ლიდერი |
| ფიქსირებული სიგრძის საკონტროლო ველი |
01426nam a2200241Ia 4500 |
| 001 - საკონტროლო ნომერი |
| საკონტროლო ველი |
4794 |
| 003 - საკონტროლო ნომრის იდენტიფიკატორი |
| საკონტროლო ველი |
GE_BSU |
| 005 - ბოლო ოპერაციის თარიღი და დრო |
| საკონტროლო ველი |
20190816110228.0 |
| 008 - ფიქსირებული სიგრძის მონაცემთა ელემენტები - ზოგადი ინფორმაცია |
| ფიქსირებული სიგრძის საკონტროლო ველი |
181216s2005||||ge |||||||||||||| ||geo|| |
| 020 ## - წიგნის საერთაშორისო სტანდარტული ნომერი |
| International Standard Book Number |
9994011391 |
| 040 ## - კატალოგიზაციის წყარო |
| Transcribing agency |
GE_BSU |
| 041 ## - ენის კოდი |
| Language code of text/sound track or separate title |
geo |
| 080 ## - უნივერსალური ათობითი კლასიფიკაციის ინდექსი |
| Universal Decimal Classification number |
94(479.22)"18"(093უცხ.) ა-38 |
| 100 ## - მთავარი ჩანაწერი - პიროვნების სახელი |
| Personal name |
აიხვალდი, ედუარდ |
| 9 (RLIN) |
3617 |
| 245 ## - ცნობა სათაურის შესახებ |
| Title |
ედუარდ აიხვალდი საქართველოს შესახებ : |
| Remainder of title |
(XIX საუკუნის პირველი მესამედი) / |
| Statement of responsibility, etc |
ედუარდ აიხვალდი ; გერმანულიდან თარგმ. შესავ. და საძიებ. დაურთო გია გელაშვილმა. |
| 264 ## - წარმოების, გამოცემის, დისტრიბუციის და სხვა ცნობები |
| გამოცემის, წარმოების, დისტრიბუციის... ადგილი |
თბილისი : |
| გამოცემის, წარმოების, დისტრიბუციის... სახელწოდება |
არტანუჯი ; |
| გამოცემის, წარმოების, დისტრიბუციის... თარიღი |
2005. |
| 300 ## - ფიზიკური აღწერა |
| Extent |
331 გვ. ; |
| Dimensions |
20 სმ. |
| 653 ## - INDEX TERM--UNCONTROLLED |
| Uncontrolled term |
ედუარდ აიხვალდი საქართველოს შესახებ |
| 653 ## - INDEX TERM--UNCONTROLLED |
| Uncontrolled term |
საქართველოს შესახებ |
| 700 ## - ADDED ENTRY--PERSONAL NAME |
| Personal name |
გელაშვილი, გია |
| Relator term |
გერმანულიდან თარგმნა, შესავალი და საძიებელი დაურთო |
| 9 (RLIN) |
3618 |
| 700 ## - ADDED ENTRY--PERSONAL NAME |
| Personal name |
კუდავა, ბუბა |
| Relator term |
სერიის მთავარი რედაქტორი |
| 9 (RLIN) |
3540 |
| 942 ## - ADDED ENTRY ELEMENTS (KOHA) |
| Koha item type |
წიგნი |
| Source of classification or shelving scheme |
|